IFM Opac

Career planning and development (Record no. 14956)

MARC details
000 -LEADER
fixed length control field 00321nam a22001337a 4500
020 ## - INTERNATIONAL STANDARD BOOK NUMBER
International Standard Book Number 9221014479
082 ## - DEWEY DECIMAL CLASSIFICATION NUMBER
Classification number 331.70973CAR
245 ## - TITLE STATEMENT
Title Career planning and development
260 ## - PUBLICATION, DISTRIBUTION, ETC.
Place of publication, distribution, etc. Geneva
Name of publisher, distributor, etc. ILO
Date of publication, distribution, etc. 1976
300 ## - PHYSICAL DESCRIPTION
Extent 140P
Other physical details ill,:25cm
490 ## - SERIES STATEMENT
Series statement Series No.12
650 ## - SUBJECT ADDED ENTRY--TOPICAL TERM
Topical term or geographic name entry element Career planning and development
942 ## - ADDED ENTRY ELEMENTS (KOHA)
Koha item type Books
Holdings
Withdrawn status Lost status Damaged status Not for loan Home library Current library Shelving location Date acquired Total Checkouts Full call number Barcode Date last seen Price effective from Koha item type
Withdrawn       IFM Main Campus Library IFM Main Campus Library Archival Collection 01/25/2016   331.70973CAR 0000017247 01/25/2016 02/19/2022 Books